Statistics for Brands by Country

Click here to take the quiz!

General Stats

  • This quiz has been taken 80 times
  • The average score is 15 of 20

Answer Stats

HintAnswer% Correct
BMWGermany
97%
Coca-ColaUnited States
97%
SonyJapan
94%
FerrariItaly
93%
HuaweiChina
90%
Louis VuittonFrance
90%
IKEASweden
90%
Rolls-RoyceUnited Kingdom
89%
Emirates AirlinesUnited Arab Emirates
80%
RolexSwitzerland
77%
HeinekenNetherlands
73%
CoronaMexico
70%
LGSouth Korea
66%
QantasAustralia
60%
ZaraSpain
59%
GazpromRussia
56%
BlackBerryCanada
53%
Tata MotorsIndia
51%
HavaianasBrazil
39%
Nando'sSouth Africa
37%

Score Distribution

Percentile by Number Answered

Percent of People with Each Score

Your Score History

You have not taken this quiz